[Event "19th Dubai Open 2017"]
[Site "Dubai UAE"]
[Date "2017.04.09"]
[Round "7.10"]
[White "Can, Emre"]
[Black "Salem, A.R. Saleh"]
[Result "1/2-1/2"]
[WhiteTitle "GM"]
[BlackTitle "GM"]
[WhiteElo "2578"]
[BlackElo "2652"]
[WhiteFideId "6302181"]
[BlackFideId "9301348"]
[EventDate "2017.04.03"]

1. Nf3 Nf6 2. c4 c5 3. Nc3 d5 4. cxd5 Nxd5 5. d4 Nxc3 6. bxc3 g6 7. e3 Bg7 8.
Bb5+ Bd7 9. Bd3 O-O 10. O-O Qc7 11. Rb1 Rd8 12. Qe2 Nc6 13. h3 e6 14. Ba3 b6 15.
Rbc1 Bc8 16. e4 Bb7 17. Rfd1 Qf4 18. dxc5 Ne5 19. Nxe5 Bxe5 20. g3 Qf6 21. f4
Bc7 22. c6 Bxc6 23. e5 Qg7 24. Be4 Bxe4 25. Qxe4 f6 26. Bd6 Bxd6 27. Rxd6 fxe5
28. fxe5 Rf8 29. Rcd1 Rac8 30. Rxe6 Rxc3 31. Kg2 Rc5 32. h4 Qf7 33. Rf6 Rxe5 1/2-1/2

[Event "19th Dubai Open 2017"]
[Site "Dubai UAE"]
[Date "2017.04.09"]
[Round "7.11"]
[White "Oleksiyenko, Mykhaylo"]
[Black "Iniyan, P"]
[Result "1-0"]
[WhiteTitle "GM"]
[WhiteElo "2643"]
[BlackElo "2399"]
[WhiteFideId "4152417"]
[BlackFideId "25002767"]
[EventDate "2017.04.03"]

1. d4 Nf6 2. c4 g6 3. Nc3 Bg7 4. e4 d6 5. f3 O-O 6. Nge2 c5 7. d5 e6 8. Ng3 exd5
9. cxd5 a6 10. a4 h5 11. Bg5 Qe8 12. Bd3 Nbd7 13. Nge2 Ne5 14. Bc2 Bd7 15. a5
Nh7 16. Bc1 Qd8 17. O-O Nc4 18. f4 Nxa5 19. e5 dxe5 20. f5 Bxf5 21. Bxf5 gxf5
22. Rxf5 Qb6 23. Rxa5 Qxa5 24. Ng3 h4 25. Nge4 Qb6 26. d6 c4+ 27. Kh1 Qd4 28.
Qg4 f6 29. Bh6 Rf7 30. Rxf6 Nxf6 31. Nxf6+ Kf8 32. Nce4 Rd8 33. Nh7+ Kg8 34.
Nhf6+ Kf8 35. Nh7+ Kg8 36. Nef6+ Kh8 37. Bxg7+ Rxg7 38. Qh5 Qd3 39. Ng5+ Rh7 40.
Qxh7+ Qxh7 41. Nfxh7 Rb8 42. d7 Kg7 43. Ne6+ Kxh7 44. d8=Q Rxd8 45. Nxd8 b5 46.
Nc6 Kg6 47. Nxe5+ Kf5 48. Nc6 Ke4 49. g3 h3 50. Kg1 a5 51. Nxa5 Kd3 52. Nc6 Kd2
53. g4 Kc1 54. g5 Kxb2 55. g6 c3 56. Nd4 1-0

[Event "19th Dubai Open 2017"]
[Site "Dubai UAE"]
[Date "2017.04.09"]
[Round "7.13"]
[White "Fier, Alexandr"]
[Black "Gupta, Abhijeet"]
[Result "1/2-1/2"]
[WhiteTitle "GM"]
[BlackTitle "GM"]
[WhiteElo "2562"]
[BlackElo "2607"]
[WhiteFideId "2107139"]
[BlackFideId "5010608"]
[EventDate "2017.04.03"]

1. d4 Nf6 2. c4 g6 3. g3 c6 4. Bg2 d5 5. cxd5 cxd5 6. Nc3 Bg7 7. Nf3 O-O 8. Ne5
e6 9. O-O Nfd7 10. Nf3 Nf6 11. Bg5 Qb6 12. Na4 Qa5 13. Bd2 Qd8 14. Bf4 Nc6 15.
Rc1 Ne4 16. Ne5 Nxe5 17. Bxe5 b6 18. Bxg7 Kxg7 19. Nc3 Nxc3 20. Rxc3 Ba6 21. Qd2
Qd6 22. Rfc1 Rfc8 23. h4 h6 24. e3 Bb7 25. Bf1 Rxc3 26. Rxc3 Rc8 27. Rxc8 Bxc8
28. Qc3 Bd7 29. Bd3 a5 30. Kg2 Kf8 1/2-1/2

[Event "19th Dubai Open 2017"]
[Site "Dubai UAE"]
[Date "2017.04.09"]
[Round "7.14"]
[White "Vignesh, N R"]
[Black "Bok, Benjamin"]
[Result "1/2-1/2"]
[WhiteTitle "IM"]
[BlackTitle "GM"]
[WhiteElo "2411"]
[BlackElo "2605"]
[WhiteFideId "25012215"]
[BlackFideId "1017063"]
[EventDate "2017.04.03"]

1. e4 c5 2. Nf3 d6 3. Bb5+ Nd7 4. d4 cxd4 5. Qxd4 a6 6. Bxd7+ Bxd7 7. Nc3 e5 8.
Qd3 Rc8 9. O-O h6 10. a4 Nf6 11. Rd1 Be7 12. Nd2 Bg4 13. f3 Be6 14. Nf1 O-O 15.
Ne3 Qc7 16. Bd2 Rfd8 17. Be1 d5 18. exd5 Bc5 19. Bf2 Bxe3 20. Qxe3 Nxd5 21. Nxd5
Bxd5 22. Rd2 Bc6 23. Rxd8+ Rxd8 24. Re1 f6 25. b3 Qf7 26. Qe2 Qg6 27. Bg3 h5 28.
a5 Kh7 29. Bf2 Re8 30. Qd3 e4 31. fxe4 Bxe4 32. Qg3 Qf5 33. Qh4 Bc6 34. Rxe8
Bxe8 35. b4 Qxc2 36. h3 Qd1+ 37. Kh2 Bc6 38. Bc5 Qd5 39. Qg3 g5 40. Qf2 Kg6 41.
Qc2+ Kg7 42. Qe2 h4 43. Qf2 Qe5+ 44. Kg1 Qa1+ 45. Kh2 Qe5+ 46. Kg1 Qe6 47. Kh2
Kg6 48. Kg1 Qe4 49. Bd4 f5 50. Bc3 Bd5 51. Kh2 Kh5 52. Be1 Qe5+ 53. Kg1 Kg6 54.
Bd2 Qe4 55. Bc3 Bc6 56. Kh2 Kh5 57. Be1 Bd5 58. Kg1 f4 59. Bd2 Kg6 60. Bc3 Bc6
61. Bd2 Bd5 62. Qb6+ Kh5 63. Qf2 Kh6 64. Qb6+ Bc6 65. Qf2 Kg6 66. Kh2 Kf7 67.
Kg1 Kg7 68. Bc3+ Kh7 69. Bd2 Bd5 70. Bc3 Kg6 71. Bd2 Bc6 72. Kh2 Kf5 73. Qc5+
Bd5 74. Qf2 Kg6 75. Kg1 Kh5 76. Kh2 Bc6 77. Kg1 Kg6 78. Kh2 Kf5 79. Qc5+ Bd5 80.
Qf2 g4 81. hxg4+ Kxg4 82. Be1 Kf5 83. Qf3 Qxf3 84. gxf3 Bxf3 85. Bxh4 Kg4 86.
Be7 Bc6 87. Bc5 Kf3 88. Kg1 Ke2 89. Bd6 f3 90. Bc5 Bd5 91. Bb6 Bc6 1/2-1/2

[Event "19th Dubai Open 2017"]
[Site "Dubai UAE"]
[Date "2017.04.09"]
[Round "7.15"]
[White "Siva, Mahadevan"]
[Black "Adly, Ahmed"]
[Result "1/2-1/2"]
[WhiteTitle "IM"]
[BlackTitle "GM"]
[WhiteElo "2363"]
[BlackElo "2597"]
[WhiteFideId "25043153"]
[BlackFideId "10601619"]
[EventDate "2017.04.03"]

1. e4 c5 2. Nf3 d6 3. d4 Nf6 4. Nc3 cxd4 5. Nxd4 a6 6. Bg5 e6 7. f4 Qc7 8. Qe2
Nc6 9. O-O-O Bd7 10. g4 h5 11. Nxc6 Bxc6 12. Nd5 Qa5 13. Bxf6 gxf6 14. Kb1 O-O-O
15. b4 Qa3 16. Rd3 Bb5 17. c4 Bxc4 18. Nb6+ Kb8 19. Nxc4 Qa4 20. a3 hxg4 21. Bg2
Qb5 22. Nb2 Rc8 23. Qxg4 Be7 24. Qe2 Rh4 25. Qd2 f5 26. a4 Qb6 27. exf5 d5 28.
fxe6 fxe6 29. Qe3 Qc7 30. Rc1 Qxc1+ 31. Qxc1 Rxc1+ 32. Kxc1 Rxf4 33. Rf3 Rxb4
34. Kc2 Bd6 35. Re3 Bxh2 36. Rxe6 Bc7 37. Bxd5 Rd4 38. Bc4 Rd6 39. Re7 Rc6 40.
Kb3 Rb6+ 41. Kc3 Rc6 42. Kd4 Bd8 43. Re8 Rc8 44. Kd3 Bf6 45. Rxc8+ 1/2-1/2

[Event "19th Dubai Open 2017"]
[Site "Dubai UAE"]
[Date "2017.04.09"]
[Round "7.16"]
[White "Anton Guijarro, David"]
[Black "Shyaamnikhil, P"]
[Result "1-0"]
[WhiteTitle "GM"]
[BlackTitle "IM"]
[WhiteElo "2679"]
[BlackElo "2454"]
[WhiteFideId "2285525"]
[BlackFideId "5024218"]
[EventDate "2017.04.03"]

1. Nf3 g6 2. e4 Bg7 3. d4 d6 4. c3 Nf6 5. Bd3 O-O 6. O-O Nc6 7. Nbd2 e5 8. Re1
Re8 9. h3 Nh5 10. dxe5 Nxe5 11. Bf1 Nf4 12. Nb3 Qf6 13. Nbd4 a6 14. Nh2 h5 15.
Be3 c5 16. Nc2 c4 17. Nb4 a5 18. Nd5 Nxd5 19. Qxd5 Qe6 20. Qd2 Bd7 21. Bd4 Bc6
22. Nf3 Nxf3+ 23. gxf3 d5 24. Bxg7 Kxg7 25. e5 d4 26. Qxd4 Bxf3 27. Re3 Bd5 28.
Qf4 b5 29. Rae1 Bc6 30. Rg3 a4 31. a3 Rad8 32. h4 Ba8 33. Kh2 Bd5 34. Bh3 Qb6
35. Reg1 Kh7 36. Rg5 Be6 37. Qf6 Rg8 38. Rxh5+ gxh5 39. Bf5+ Bxf5 40. Qxb6 Rxg1
41. Kxg1 Rd5 42. Qf6 Be6 43. f4 Rd1+ 44. Kf2 Rd3 45. f5 Bd5 46. Qg5 1-0

[Event "19th Dubai Open 2017"]
[Site "Dubai UAE"]
[Date "2017.04.09"]
[Round "7.19"]
[White "Indjic, Aleksandar"]
[Black "Asadli, Vugar"]
[Result "1-0"]
[WhiteTitle "GM"]
[BlackTitle "IM"]
[WhiteElo "2589"]
[BlackElo "2431"]
[WhiteFideId "911925"]
[BlackFideId "13405764"]
[EventDate "2017.04.03"]

1. d4 g6 2. e4 Bg7 3. Nc3 d6 4. Nf3 Nf6 5. h3 O-O 6. Be3 Nc6 7. Bb5 a6 8. Bxc6
bxc6 9. O-O Rb8 10. b3 Nd7 11. Qd2 c5 12. Bh6 cxd4 13. Bxg7 Kxg7 14. Nxd4 Bb7
15. f4 c5 16. Nf3 Qb6 17. Nd5 Bxd5 18. exd5 c4+ 19. Kh1 Nf6 20. Rfe1 cxb3 21.
axb3 Rb7 22. Re3 Rc8 23. c4 Rcc7 24. Nd4 Qb4 25. Qd3 Rc5 26. Nc6 Qb6 27. Nxe7
Ra5 28. Rae1 Ra3 29. Nf5+ gxf5 30. Qxf5 Ra1 31. Qg5+ Kf8 32. Qh6+ Kg8 33. Rg3+ 1-0

[Event "19th Dubai Open 2017"]
[Site "Dubai UAE"]
[Date "2017.04.09"]
[Round "7.20"]
[White "Abasov, Nijat"]
[Black "Laxman, R.R."]
[Result "1/2-1/2"]
[WhiteTitle "GM"]
[BlackTitle "GM"]
[WhiteElo "2588"]
[BlackElo "2403"]
[WhiteFideId "13402960"]
[BlackFideId "5005361"]
[EventDate "2017.04.03"]

1. e4 e5 2. Nf3 Nc6 3. Bb5 a6 4. Ba4 Nf6 5. Nc3 Bd6 6. a3 Nd4 7. O-O O-O 8. Re1
b5 9. Bb3 Nxb3 10. cxb3 c5 11. d3 Bb7 12. Nh4 Re8 13. Nf5 Bf8 14. Qf3 g6 15.
Nh6+ Bxh6 16. Bxh6 Nh5 17. Rac1 d6 18. b4 Qf6 19. Qe3 Nf4 20. Bxf4 exf4 21. Qf3
Qe5 22. g3 fxg3 23. hxg3 f5 24. Qe3 fxe4 25. dxe4 Rad8 26. Rcd1 Qh5 27. Qe2 Qg5
28. Qd2 Qf6 29. Re3 Rf8 30. Rd3 c4 31. Rd4 Qf3 32. Qe2 Qf6 33. Qd2 Qf3 34. Qe2
Qf6 35. a4 bxa4 36. R1d2 d5 37. Nxa4 Rde8 38. Nc5 Bc6 39. Rxd5 Bxd5 40. Rxd5 c3
41. bxc3 Qxc3 42. Nxa6 Qb3 43. Rd4 Ra8 44. Rd6 Rfd8 45. Rxd8+ Rxd8 46. Kg2 Rf8
47. Nc5 Qxb4 48. Qa2+ Kh8 49. Qa1+ Kg8 50. Qa2+ Kh8 51. Qa1+ Kg8 52. Qa2+ 1/2-1/2

[Event "19th Dubai Open 2017"]
[Site "Dubai UAE"]
[Date "2017.04.09"]
[Round "7.21"]
[White "Sidhant, Mohapatra"]
[Black "Antipov, Mikhail Al."]
[Result "1/2-1/2"]
[BlackTitle "GM"]
[WhiteElo "2341"]
[BlackElo "2586"]
[WhiteFideId "5028698"]
[BlackFideId "4107012"]
[EventDate "2017.04.03"]

1. e4 c5 2. Nf3 e6 3. d4 cxd4 4. Nxd4 Nc6 5. Nc3 d6 6. Be2 Nf6 7. O-O Be7 8. Be3
Qc7 9. f4 O-O 10. Kh1 Bd7 11. Qe1 Nxd4 12. Bxd4 Bc6 13. Qg3 Qa5 14. a3 a6 15.
Bd3 b5 16. e5 dxe5 17. fxe5 Nh5 18. Qe3 Qd8 19. Bb6 Qb8 20. Be2 g6 21. Bxh5 gxh5
22. Bc5 Bxc5 23. Qg5+ Kh8 24. Qf6+ Kg8 25. Qg5+ Kh8 26. Qf6+ Kg8 27. Qg5+ 1/2-1/2

[Event "19th Dubai Open 2017"]
[Site "Dubai UAE"]
[Date "2017.04.09"]
[Round "7.22"]
[White "Lalith, Babu M R"]
[Black "Viani, Antonio Dcunha"]
[Result "1-0"]
[WhiteTitle "GM"]
[BlackTitle "IM"]
[WhiteElo "2571"]
[BlackElo "2410"]
[WhiteFideId "5024595"]
[BlackFideId "5027330"]
[EventDate "2017.04.03"]

1. d4 Nf6 2. c4 g6 3. Nc3 Bg7 4. e4 d6 5. Nf3 O-O 6. h3 c5 7. d5 e6 8. Bd3 exd5
9. exd5 Re8+ 10. Be3 Bh6 11. O-O Bxe3 12. fxe3 Qe7 13. e4 Nbd7 14. Qd2 Kg7 15.
Nb5 Rf8 16. Qc3 Kg8 17. Rae1 Ne8 18. e5 dxe5 19. Nxe5 Nxe5 20. Rxe5 Qd8 21. Qd2
Bd7 22. Qh6 f5 23. Rfe1 Qf6 24. Re7 Rf7 25. Rxf7 Qxf7 26. Qh4 Kf8 27. d6 Be6 28.
Qh6+ Kg8 29. Qe3 Bxc4 30. Bxc4 Qxc4 31. d7 Nf6 32. Qe7 Nxd7 33. Qxd7 Rf8 34. b3
Qc2 35. Qd5+ Kh8 36. Qe5+ Kg8 37. Nc7 Rf7 38. Ne6 h6 39. Qb8+ 1-0

[Event "19th Dubai Open 2017"]
[Site "Dubai UAE"]
[Date "2017.04.09"]
[Round "7.23"]
[White "Saeed, Ishaq"]
[Black "Xu, Yinglun"]
[Result "1/2-1/2"]
[WhiteTitle "FM"]
[WhiteElo "2360"]
[BlackElo "2557"]
[WhiteFideId "9301453"]
[BlackFideId "8604940"]
[EventDate "2017.04.03"]

1. d4 Nf6 2. c4 e6 3. Nf3 d5 4. g3 dxc4 5. Bg2 c6 6. Ne5 c5 7. Qa4+ Nbd7 8. Nxc4
cxd4 9. Bf4 Be7 10. Nd6+ Kf8 11. Nxc8 Rxc8 12. O-O e5 13. Bd2 Nc5 14. Qc4 Bd6
15. b4 Ne6 16. Qd3 Qd7 17. Na3 Ke7 18. f4 exf4 19. gxf4 Rhe8 20. Nc4 Kf8 21.
Nxd6 Qxd6 22. Bxb7 Rcd8 23. Rac1 Kg8 24. a4 Nd5 25. Bxd5 Qxd5 26. f5 Nf8 27. f6
Ng6 28. Rc5 Qd7 29. fxg7 Qg4+ 30. Qg3 Qxe2 31. Bg5 Rd7 32. Rcc1 Qa2 33. Rce1 Rc8
34. h4 h5 35. Qf3 Qd5 36. Qxh5 d3 37. Rf2 Rdc7 38. Qh6 Rc4 39. Bf6 Rg4+ 40. Kh2
Qd6+ 41. Be5 Rxh4+ 42. Qxh4 Qxe5+ 43. Rxe5 Nxh4 44. Re7 Ng6 45. Rexf7 Rd8 46.
Rxa7 d2 47. Rf1 d1=Q 48. Rxd1 Rxd1 49. b5 Rb1 50. Rb7 Ra1 51. Ra7 Rb1 52. Rb7
Ra1 53. b6 Rxa4 54. Ra7 Rb4 55. b7 Ne7 56. Ra8+ Kxg7 57. b8=Q Rxb8 58. Rxb8 Kf6
59. Kg3 Nd5 60. Rb5 Ke6 61. Kf3 Ke5 62. Ra5 Kd4 63. Ra4+ Ke5 64. Rc4 Nf6 65. Ra4
Nd5 66. Re4+ Kf5 67. Re1 Nf4 68. Rd1 Ke5 69. Re1+ Kf5 70. Re4 Nd5 71. Re8 Nf6
72. Rf8 Ke5 73. Ke3 Nd5+ 74. Kd3 Nc7 75. Kc4 Ne6 76. Re8 Kd6 77. Rh8 Ke5 78.
Rh5+ Ke4 79. Rh1 Nf4 80. Rh6 Ke5 81. Rh1 Ke4 82. Re1+ Kf5 83. Kd4 Ne6+ 84. Kd5
Nf4+ 85. Kd6 Kg4 86. Re3 Kf5 87. Re8 Nd3 88. Re2 Nf4 89. Re3 Ng6 90. Ra3 Nf4 91.
Ra5+ Ke4 92. Ra4+ Kf5 93. Rd4 Ng6 1/2-1/2

[Event "19th Dubai Open 2017"]
[Site "Dubai UAE"]
[Date "2017.04.09"]
[Round "7.24"]
[White "Schroeder, Jan-Christian"]
[Black "Thakur, Akash"]
[Result "1-0"]
[WhiteTitle "GM"]
[BlackTitle "FM"]
[WhiteElo "2529"]
[BlackElo "2363"]
[WhiteFideId "24662259"]
[BlackFideId "5008514"]
[EventDate "2017.04.03"]

1. e4 e5 2. Nf3 Nc6 3. Bc4 Nf6 4. d3 Be7 5. O-O O-O 6. Re1 d6 7. a4 h6 8. h3 Nh7
9. Nc3 Ng5 10. Nh2 Ne6 11. Nd5 Bg5 12. c3 Ne7 13. Ne3 Ng6 14. Nf3 Nef4 15. Kh2
Bf6 16. Ng4 h5 17. Nxf6+ Qxf6 18. d4 Nh4 19. Nxh4 Qxh4 20. Qf3 g6 21. Be3 Kg7
22. a5 Qf6 23. g3 Nd5 24. Qxf6+ Nxf6 25. f3 Be6 26. Be2 Nh7 27. Ra4 f5 28. exf5
Rxf5 29. dxe5 dxe5 30. Bd3 Rf7 31. f4 Rd8 32. Be4 exf4 33. Bxf4 Bc8 34. Be5+ Kh6
35. Bf4+ g5 36. Be3 Re8 37. h4 Rfe7 38. Bd2 c5 39. Bxh7 Rxe1 40. Bxe1 Rxe1 41.
Re4 Rb1 42. Re7 Rxb2+ 43. Kg1 gxh4 44. gxh4 Rd2 45. Be4 Rd7 46. Re8 Rg7+ 47. Kf2
Rf7+ 48. Ke3 Bf5 49. Rh8+ Kg6 50. Rg8+ Kh6 51. Rh8+ Kg6 52. Bd5 Rd7 53. c4 b5
54. axb6 axb6 55. Rb8 Re7+ 56. Kf4 Bg4 57. Rxb6+ Kg7 58. Rc6 Re2 59. Rxc5 Rf2+
60. Ke5 Re2+ 61. Kf4 Rf2+ 62. Kg3 Rf1 63. Rc7+ Kf8 64. c5 Rd1 65. Be4 Rf1 66. c6
Rf7 67. Rxf7+ Kxf7 68. Bf3 Bf5 69. Bxh5+ Ke7 70. Bf3 Kd6 71. h5 1-0

[Event "19th Dubai Open 2017"]
[Site "Dubai UAE"]
[Date "2017.04.09"]
[Round "7.25"]
[White "Dimakiling, Oliver"]
[Black "Debashis, Das"]
[Result "1-0"]
[WhiteTitle "IM"]
[BlackTitle "GM"]
[WhiteElo "2406"]
[BlackElo "2501"]
[WhiteFideId "5202248"]
[BlackFideId "5024854"]
[EventDate "2017.04.03"]

1. Nf3 Nf6 2. g3 d5 3. d4 e6 4. Bg2 Nbd7 5. O-O c6 6. Nbd2 Be7 7. Re1 O-O 8. e4
b5 9. a4 b4 10. a5 Ba6 11. e5 Ne8 12. h4 Nc7 13. Nf1 c5 14. N1h2 Nb5 15. Bf1
cxd4 16. Ng5 Nc7 17. Bxa6 Nxa6 18. Nxh7 Kxh7 19. Qd3+ Kg8 20. Qxa6 Qc7 21. Bf4
Rfc8 22. Nf3 d3 23. Qxd3 Qxc2 24. Qxc2 Rxc2 25. Nd4 Rc4 26. Red1 Bc5 27. Nb3 Rc8
28. Rac1 Be7 29. Kf1 Kh7 30. Ke2 Kg6 31. f3 a6 32. Rxc4 Rxc4 33. Rd4 Rc2+ 34.
Rd2 Rc8 35. Kd1 Bd8 36. Rd4 Rb8 37. Bd2 Be7 38. f4 Nc5 39. f5+ exf5 40. Nxc5
Bxc5 41. Rxd5 Rb5 42. Ke2 Rxa5 43. Be3 Ra2 44. Rxc5 Rxb2+ 45. Kf3 Ra2 46. Rc6+
Kh7 47. Kf4 a5 48. Rb6 Rb2 49. Rb7 Kg8 50. e6 fxe6 51. Rxg7+ Kxg7 52. Bd4+ Kg6
53. Bxb2 Kh5 54. Be5 a4 55. Bd6 b3 56. Ba3 Kg6 57. Ke5 Kh5 58. Kxe6 Kg4 59. h5 1-0

[Event "19th Dubai Open 2017"]
[Site "Dubai UAE"]
[Date "2017.04.09"]
[Round "7.26"]
[White "Salomon, Johan"]
[Black "Hesham, Abdelrahman"]
[Result "1/2-1/2"]
[WhiteTitle "IM"]
[BlackTitle "GM"]
[WhiteElo "2487"]
[BlackElo "2348"]
[WhiteFideId "1509500"]
[BlackFideId "10600183"]
[EventDate "2017.04.03"]

1. Nf3 d5 2. d4 Nf6 3. c4 e6 4. g3 Bb4+ 5. Bd2 Be7 6. Bg2 O-O 7. O-O c6 8. Qc2
Ne4 9. Be3 Nd7 10. Nc3 Nd6 11. c5 Nc4 12. Bc1 b6 13. b3 Na5 14. Na4 Ba6 15. Re1
Bb5 16. b4 Nc4 17. Nc3 a5 18. Nxb5 cxb5 19. e4 Nf6 20. Nd2 axb4 21. exd5 exd5
22. Nb3 Re8 23. Bg5 bxc5 24. dxc5 h6 25. Bxf6 Bxf6 26. Rxe8+ Qxe8 27. Rd1 Nb2
28. Rxd5 Qe1+ 29. Bf1 Na4 30. Rd1 Qe8 31. Bg2 Ra7 32. Qd2 Nc3 33. Re1 Qc8 34. c6
Rxa2 35. Qd6 Qf5 36. Qc5 Qxc5 37. Nxc5 Ra7 38. Nb7 Na4 39. Re8+ Kh7 40. c7 Nb6
41. Be4+ g6 42. c8=Q Nxc8 43. Rxc8 Ra1+ 44. Kg2 b3 45. Rc6 Bg7 46. Rb6 f5 47.
Bd3 Rd1 48. Nc5 Bd4 49. Rb7+ Kh8 50. Rb8+ Kh7 51. Rb7+ Kh8 52. Rb8+ Kh7 53. Rb7+ 1/2-1/2

[Event "19th Dubai Open 2017"]
[Site "Dubai UAE"]
[Date "2017.04.09"]
[Round "7.27"]
[White "Ahmad, Al Khatib"]
[Black "Salgado Lopez, Ivan"]
[Result "0-1"]
[WhiteTitle "IM"]
[BlackTitle "GM"]
[WhiteElo "2308"]
[BlackElo "2641"]
[WhiteFideId "8103178"]
[BlackFideId "2257327"]
[EventDate "2017.04.03"]

1. d4 Nf6 2. Bg5 c5 3. d5 d6 4. Nc3 a6 5. a4 h6 6. Bh4 g5 7. Bg3 Nh5 8. e4 Nxg3
9. hxg3 Bg7 10. Nf3 Qb6 11. Rb1 Qb4 12. Be2 Nd7 13. O-O g4 14. Ne1 h5 15. Nd3
Qd4 16. Re1 h4 17. Bxg4 hxg3 18. Qf3 Ne5 19. Qxg3 Nxg4 20. e5 Bxe5 21. Nxe5 Nxe5
22. Re4 Qd2 23. f4 Ng6 24. Rd1 Qxc2 25. Qg5 Bd7 26. f5 Ne5 27. Rxe5 dxe5 28. d6
O-O-O 29. Rc1 Qxf5 30. Qe3 Bc6 31. Nd5 Bxd5 32. Rxc5+ Bc6 33. Rxc6+ bxc6 0-1

[Event "19th Dubai Open 2017"]
[Site "Dubai UAE"]
[Date "2017.04.09"]
[Round "7.28"]
[White "Pichot, Alan"]
[Black "Grigoryan, Karen"]
[Result "1-0"]
[WhiteTitle "GM"]
[BlackTitle "IM"]
[WhiteElo "2556"]
[BlackElo "2308"]
[WhiteFideId "110973"]
[BlackFideId "14000121"]
[EventDate "2017.04.03"]

1. e4 c5 2. Nf3 e6 3. d4 cxd4 4. Nxd4 Nc6 5. Nc3 Qc7 6. Be3 Nf6 7. Qf3 a6 8.
O-O-O Bb4 9. Nxc6 bxc6 10. Bd4 Be7 11. e5 Nd5 12. Ne4 O-O 13. Nf6+ Nxf6 14. exf6
Bxf6 15. Bxf6 gxf6 16. Qxf6 Qd8 17. Qf4 d5 18. Qg3+ Kh8 19. Qc3+ f6 20. Qxc6 Bd7
21. Qd6 Rc8 22. Bd3 Rc6 23. Qb4 a5 24. Qh4 Qe7 25. Rhe1 Rf7 26. f4 Rg7 27. Rd2
e5 28. Qf2 e4 29. Qd4 Be6 30. Bb5 Rc8 31. Re3 Qc5 32. Bf1 Qxd4 33. Rxd4 Rgc7 34.
c3 f5 35. Be2 Rg8 36. g3 h5 37. Bd1 h4 38. Bb3 Rc5 39. Kd2 Rg6 40. Ke2 Rh6 41.
h3 Kg7 42. Kf2 Kf6 43. g4 fxg4 44. hxg4 Rh7 45. Bd1 Rc8 46. Rh3 Rb8 47. Rd2 Rg8
48. Ke3 Bxg4 49. Bxg4 Rxg4 50. Rxd5 Rg2 51. Kxe4 Re2+ 52. Kd3 Rxb2 53. Rxa5 Rd7+
54. Ke4 Re2+ 55. Kf3 Rd3+ 56. Kg4 Rxh3 57. Kxh3 Re3+ 58. Kxh4 Rxc3 59. Kg4 Rc2
60. Ra6+ Kf7 61. Kg5 Kg7 62. Ra7+ Kf8 63. f5 Rc6 64. a4 Rd6 65. a5 Kg8 66. a6
Rc6 67. Ra8+ 1-0

[Event "19th Dubai Open 2017"]
[Site "Dubai UAE"]
[Date "2017.04.09"]
[Round "7.29"]
[White "Raahul, V S"]
[Black "Kuybokarov, Temur"]
[Result "0-1"]
[BlackTitle "IM"]
[WhiteElo "2306"]
[BlackElo "2504"]
[WhiteFideId "25035525"]
[BlackFideId "14203049"]
[EventDate "2017.04.03"]

1. c4 e5 2. Nc3 Nc6 3. Nf3 f5 4. d4 e4 5. Ng5 Bb4 6. Nh3 Nf6 7. Bg5 h6 8. Bxf6
Qxf6 9. e3 Ne7 10. Be2 O-O 11. O-O Bxc3 12. bxc3 b6 13. Qb3 Kh8 14. a4 Bb7 15.
a5 Rab8 16. axb6 axb6 17. Nf4 Qf7 18. Qb5 g5 19. Nh3 Qe6 20. Kh1 d6 21. d5 Qc8
22. Bh5 Ng8 23. Ng1 Nf6 24. Bd1 f4 25. exf4 gxf4 26. Ne2 f3 27. gxf3 Qh3 28. Ng3
Bc8 29. c5 exf3 30. Bxf3 Ng4 31. Bxg4 Bxg4 32. f3 Rxf3 33. Qb2 Rxg3 34. c4+ Rc3 0-1

[Event "19th Dubai Open 2017"]
[Site "Dubai UAE"]
[Date "2017.04.09"]
[Round "7.30"]
[White "Stany, G.A."]
[Black "Kulkarni, Bhakti"]
[Result "1-0"]
[WhiteTitle "IM"]
[BlackTitle "CM"]
[WhiteElo "2495"]
[BlackElo "2286"]
[WhiteFideId "5029104"]
[BlackFideId "5019516"]
[EventDate "2017.04.03"]

1. e4 c6 2. d4 d5 3. e5 c5 4. Nf3 Nc6 5. c4 Bg4 6. cxd5 Bxf3 7. Qxf3 Nxd4 8. Qd1
Qxd5 9. Bb5+ Kd8 10. O-O Qxe5 11. Nc3 Nf6 12. Re1 Qd6 13. Bc4 e6 14. Be3 h5 15.
h3 a6 16. b4 cxb4 17. Bxd4 bxc3 18. Qf3 Qe7 19. Rab1 Rb8 20. Bxc3 Nd7 21. Rxb7
Rxb7 22. Qxb7 Qc5 23. Rd1 Bd6 24. Rxd6 Qxd6 25. Ba5+ Ke8 26. Qc8+ Ke7 27. Qxh8 1-0

[Event "19th Dubai Open 2017"]
[Site "Dubai UAE"]
[Date "2017.04.09"]
[Round "7.32"]
[White "Santos Ruiz, Miguel"]
[Black "Pratyusha, Bodda"]
[Result "1-0"]
[WhiteTitle "IM"]
[BlackTitle "WIM"]
[WhiteElo "2480"]
[BlackElo "2281"]
[WhiteFideId "22291482"]
[BlackFideId "5000629"]
[EventDate "2017.04.03"]

1. d4 Nf6 2. Nf3 e6 3. Bf4 d5 4. e3 Bd6 5. Bg3 c5 6. c3 Nc6 7. Nbd2 O-O 8. Bb5
Qe7 9. Bxc6 bxc6 10. Qa4 Bd7 11. Bxd6 Qxd6 12. Qa3 Qb8 13. O-O cxd4 14. cxd4 a5
15. Rfc1 a4 16. Ne5 Rc8 17. Nd3 Be8 18. Qc3 Qb5 19. b3 Nd7 20. b4 f6 21. a3 Qb8
22. Nc5 Nf8 23. Qc2 Rc7 24. Nb1 Bg6 25. Qd1 Bxb1 26. Raxb1 Rca7 27. Rc3 Qd6 28.
Rbc1 Ng6 29. Qg4 e5 30. Qg3 Rd8 31. Qg4 exd4 32. Qxd4 Qe5 33. Ne6 Qxd4 34. Nxd4
Ne7 35. g3 Kf7 36. Nxc6 Nxc6 37. Rxc6 d4 38. Rc7+ Rxc7 39. Rxc7+ Kg6 40. exd4
Rxd4 41. Ra7 1-0

[Event "19th Dubai Open 2017"]
[Site "Dubai UAE"]
[Date "2017.04.09"]
[Round "7.33"]
[White "Kotanjian, Tigran"]
[Black "Arjun, Kalyan"]
[Result "1/2-1/2"]
[WhiteTitle "GM"]
[WhiteElo "2469"]
[BlackElo "2280"]
[WhiteFideId "13301250"]
[BlackFideId "35018701"]
[EventDate "2017.04.03"]

1. d4 d5 2. c4 c6 3. Nf3 Nf6 4. Nc3 e6 5. Bg5 dxc4 6. e4 b5 7. e5 h6 8. Bh4 g5
9. Nxg5 hxg5 10. Bxg5 Nbd7 11. g3 Bb7 12. Bg2 Qb6 13. exf6 O-O-O 14. O-O c5 15.
d5 b4 16. Rb1 Qa6 17. dxe6 Bxg2 18. e7 Bxf1 19. Kxf1 Bxe7 20. fxe7 Rdg8 21. Ne4
Rxg5 22. Nxg5 Re8 23. Nxf7 Rxe7 24. Nd6+ Kc7 25. Nf5 Rf7 26. Qd5 c3+ 27. Kg1 Qg6
28. bxc3 Qxf5 29. Qxf5 Rxf5 30. cxb4 c4 31. Rc1 Nb6 32. Kg2 Kc6 33. g4 Rf8 34.
h4 Kb5 35. h5 Kxb4 36. h6 c3 37. g5 Nd5 38. Kg3 Nf4 39. h7 Ng6 40. f4 Rf7 41.
Rb1+ Kc4 42. Rh1 Rf8 43. Kg4 Rxf4+ 44. Kh5 Nh8 45. g6 Rf5+ 46. Kh6 Rf6 47. Rg1
c2 48. Kg7 Rxg6+ 49. Rxg6 Nxg6 50. Kxg6 c1=Q 51. h8=Q Qc2+ 52. Kg5 Qg2+ 53. Kf4
Qf2+ 54. Kg4 Kb4 55. Qb8+ Qb6 56. Qxb6+ 1/2-1/2